LEADER 01266nam a2200193 i 4500 001 000000250380 003 CaOOAMICUS 005 20160801000000.0 008 160801s1730 xx u000 u lat u 013 $a229285 026 $acad. 09d. e-o- Evdi (3) 1771 (R) 040 $aSeMil$bita 245 10$aTomus 5. 300 $axii, 612 p. 500 $aSegn. : a6 A-4F4 4G6. 773 0 $aAlexandre, Noėl <1639-1724>$tR.P. Natalis Alexandri ... Historia ecclesiastica Veteris Novique Testamenti ab orbe condito ad annum post Christum natum millesimum sexcentesimum: et in loca ejusdem insignia dissertationes historicae, chronologicae, criticae, dogmaticae. Opera et studio Constantini Roncaglia lucensis, congregationis matris dei. Qui accedunt, praeter animadversiones a P. Joanne Dominico Mansi ... in secunda lucensi editione insertas, aliae insuper ejusdem auctoris noviter elucubratae. Tomus 1. [-9].$bEditio omnium novissima, notis & animadversionibus, quod historiam & dissertationes novi testamenti, aucta ad castigationem & illustrationem ...$dVenetiis : Sumptibus Societatis, 1771.$g5$w()16710 850 $aSeMil 852 $aSeMil$W1$xVenegono$y1$m3B VIII 13 FA$j200726$B200726$CSeMilBibl$Z2$F212414 $8I 996 $6245$aTomus 5$9(OLS)http://semarc/title/308130 LEADER 01246nam a2200217 i 4500 001 000000031876 003 CaOOAMICUS 005 20230303122005.0 008 180830s1697 it u000 u ita u 040 $aSeMil$bita 100 1 $aAuriemma, Tommaso,$c.$0(OLS)http://semarc/name/14702 245 10$aStanza dell'anima nelle piaghe di Giesł, overo pratiche usate, & insegnate da' Santi per fabbricarsi la stanza in Christo crocifisso in vita, & in morte. Del padre Tomaso Auriemma ... Parte 1. [-2.]. 260 $aIn Milano :$bnella stampa di Giuseppe Marelli,$c1697. 300 $a2 v. ;$c12°. 500 $aFront. in cornice a doppio filetto. - Iniz., testatine, fin. xilogr. - Legati insieme i 2 vol. 700 1 $aMarelli, Giuseppe,$c.$0(OLS)http://semarc/name/14703 774 0 $tParte 1.$g1$w()241748 774 0 $tParte 2.$g2$w()241749 996 $6245$aStanza dell'anima nelle piaghe di Giesł, overo pratiche usate, & insegnate da' Santi per fabbricarsi la stanza in Christo crocifisso in vita, & in morte. Del padre Tomaso Auriemma ... Parte 1. [-2.]$9(OLS)http://semarc/title/43250 996 $6260$aIn Milano :$bnella stampa di Giuseppe Marelli$9(OLS)http://semarc/publisher/60492